000 00473nam a2200157 i 4500
001 39938
003 ES-MaACL
005 20230906160115.0
007 t|
008 030304s1969 sp ||||1| spa d
100 1 _aCarro y Carro, Julio.
_935834
245 1 3 _aLa vida contemporánea vista por un octogenario /
_cJulio Carro y Carro.
260 _aLeón :
_b[s.n.,
_c1969] (
_fImp. Provincial)
300 _a100 p., 5 lám. ;
_c24 cm.
852 _aES-MaACL
_jC-37829
_bR.72675
999 _c39938
_d39938